MARC details
| 000 -CABECERA |
| campo de control de longitud fija |
03090cam a2200325 i 4500 |
| 001 - NÚMERO DE CONTROL |
| campo de control |
20160884 |
| 005 - FECHA Y HORA DE LA ÚLTIMA TRANSACCIÓN |
| campo de control |
20250319181941.0 |
| 008 - DATOS DE LONGITUD FIJA--INFORMACIÓN GENERAL |
| campo de control de longitud fija |
171122m20179999cl b 000 0 spa |
| 010 ## - NÚMERO DE CONTROL DE LA BIBLIOTECA DEL CONGRESO |
| Número de control de LC |
2018365859 |
| 020 ## - NÚMERO INTERNACIONAL ESTÁNDAR DEL LIBRO |
| Número Internacional Estándar del Libro |
9789563468885 (tomo I) |
| 035 ## - NÚMERO DE CONTROL DEL SISTEMA |
| Número de control de sistema |
(PE-LiEIC)it201600006637 |
| 040 ## - FUENTE DE LA CATALOGACIÓN |
| Centro catalogador/agencia de origen |
DLC |
| Lengua de catalogación |
eng |
| Centro/agencia transcriptor |
DLC |
| Normas de descripción |
rda |
| 042 ## - CÓDIGO DE AUTENTICACIÓN |
| Código de autenticación |
pcc |
| 043 ## - CÓDIGO DE ÁREA GEOGRÁFICA |
| Código de área geográfica |
s-cl--- |
| 050 00 - SIGNATURA TOPOGRÁFICA DE LA BIBLIOTECA DEL CONGRESO |
| Número de clasificación |
KHF4136 |
| Número de documento/Ítem |
.E934 2017 |
| 100 1# - ENTRADA PRINCIPAL--NOMBRE DE PERSONA |
| Nombre de persona |
Evans Espiñeira, Eugenio, |
| Término indicativo de función/relación |
author. |
| 9 (RLIN) |
33205 |
| 245 10 - MENCIÓN DE TÍTULO |
| Título |
Derecho y regulación económica de la energía eléctrica / |
| Mención de responsabilidad, etc. |
Eugenio Evans Espiñeira, Eduardo Yáñez Rebolledo. |
| 250 ## - MENCIÓN DE EDICIÓN |
| Mención de edición |
1a edición. |
| 300 ## - DESCRIPCIÓN FÍSICA |
| Extensión |
volumes ; |
| Dimensiones |
25 cm. |
| 490 0# - MENCIÓN DE SERIE |
| Mención de serie |
Colección Tratados y manuales |
| 504 ## - NOTA DE BIBLIOGRAFÍA, ETC. |
| Bibliografía, etc. |
Includes bibliographical references. |
| 505 ## - NOTA DE CONTENIDO CON FORMATO |
| Nota de contenido con formato |
Capítulo 1. Estructura del sector eléctrico en Chile -- Capítulo 2. La concesión eléctrica -- Capítulo 3. Permisos y servidumbres -- Capítulo 4. Explotación de los servicios eléctricos y del suministro -- Capítulo 5. Sistemas eléctricos y su funcionamiento -- Capítulo 6. Segmento transmisión -- Capítulo 7. Panel de expertos -- Capítulo 8. Superintendencia de electricidad y combustibles. |
| 520 ## - SUMARIO, ETC. |
| Sumario, etc. |
Este libro analiza las instituciones fundamentales de la regulación jurídica y económica del sector eléctrico chileno. Describe la normativa que le es aplicable, reseña las autoridades sectoriales, explica el funcionamiento de los servicios públicos eléctricos, la concesión como instrumento clave de esta actividad económica, las obligaciones que pesan sobre concesionarios eléctricos, las que se imponen a los propietarios de los predios particulares, públicos y fiscales, en fin, acerca de la forma en que opera la coordinación de las instalaciones que conforman un sistema eléctrico. Analiza muy profunda y sofisticadamente al Panel de Expertos creado por la Ley N° 19.940, a la Superintendencia de Electricidad y Combustibles, instituida por la Ley N° 18.410 y al Coordinador Independiente del Sistema Eléctrico Nacional, cuyo origen está en la reciente Ley N° 20.936, lo anterior, sin descuidar al Ministerio de Energía y a la Comisión Nacional de Energía, como las máximas autoridades sectoriales. Tratándose de la Ley N° 20.936, este libro recoge las principales normativas en ella contenida, en especial, lo relacionado a la nueva forma en que regula el sector de transmisión de energía eléctrica, como divide las instalaciones que lo integran, su determinación, el acceso abierto a ellas, entre otras materias de relevancia para esta área de la actividad económica nacional, la más intensamente reglamentada de todas. Esta obra es el resultado de la experiencia profesional público-privada de los autores. |
| 650 #0 - PUNTO DE ACCESO ADICIONAL DE MATERIA--TÉRMINO DE MATERIA |
| Término de materia o nombre geográfico como elemento inicial |
Electric utilities |
| Subdivisión general |
Law and legislation |
| Subdivisión geográfica |
Chile. |
| 9 (RLIN) |
33206 |
| 650 #0 - PUNTO DE ACCESO ADICIONAL DE MATERIA--TÉRMINO DE MATERIA |
| Término de materia o nombre geográfico como elemento inicial |
Energía eléctrica |
| Subdivisión geográfica |
Chile |
| Subdivisión de forma |
Derecho |
| 9 (RLIN) |
33207 |
| 700 1# - PUNTO DE ACCESO ADICIONAL--NOMBRE DE PERSONA |
| Nombre de persona |
Yáñez Rebolledo, Eduardo, |
| Término indicativo de función/relación |
author. |
| 9 (RLIN) |
33208 |
| 906 ## - ELEMENTOS DE DATOS F LOCAL, LDF (RLIN) |
| a |
7 |
| b |
cbc |
| c |
origres |
| d |
2 |
| e |
ncip |
| f |
20 |
| g |
y-gencatlg |
| 942 ## - ELEMENTOS DE PUNTO DE ACCESO ADICIONAL (KOHA) |
| Fuente del sistema de clasificación o colocación |
|
| Tipo de ítem Koha |
Libro |